000 00649nam a2200253Ia 4500
001 28100
005 20240114001032.0
007 ta
008 060603s1999 a g b000 u 465 u
040 _aCotton College,Assam
041 _a465
082 _a171
_bSc 84 Un
100 _aSoames, Scott .
245 0 _aUnderstanding Truth /
_cScott Soames.
_hTextual Documents
250 _a1st ed. /
260 _aOxford :
_bOxford Universsity Press ,
_cC1999.
300 _aix,268p. :
_bill ;
_c22cm .
504 _aIndex
653 _aTruth
653 _aG-Philosophy
942 _2ddc
_cBK
999 _c28082
_d28082